El domingo (Record no. 132679)

MARC details
000 -LEADER
campo de control de longitud fija 00567nam a2200169 4500
001 - NÚMERO DE CONTROL
campo de control 132679
003 - IDENTIFICADOR DE NÚMERO DE CONTROL
campo de control ES-MaACL
005 - FECHA Y HORA DE LA ÚLTIMA TRANSACCIÓN
campo de control 20230906194227.0
007 - CAMPO FIJO DE DESCRIPCIÓN FÍSICA--INFORMACIÓN GENERAL
campo de control de longitud fija t|
008 - DATOS DE LONGITUD FIJA--INFORMACIÓN GENERAL
campo de control de longitud fija 070214s1971 sp r ||||1| spa d
100 1# - ENTRADA PRINCIPAL--NOMBRE DE PERSONA
Nombre de persona Rordorf, Willy.
9 (RLIN) 99558
245 13 - MENCIÓN DEL TÍTULO
Título El domingo
Resto del título : historia del día de descanso y de culto en los primeros siglos de la Iglesia cristiana /
Mención de responsabilidad, etc. Willy Rordorf ; [traducción... por Daniel Vidal].
260 ## - PUBLICACIÓN, DISTRIBUCIÓN, ETC.
Lugar de publicación, distribución, etc. Madrid :
Nombre del editor, distribuidor, etc. Marova,
Fecha de publicación, distribución, etc. 1971.
300 ## - DESCRIPCIÓN FÍSICA
Extensión 317 p. ;
Dimensiones 21 cm.
700 1# - ENTRADA AGREGADA--NOMBRE PERSONAL
Nombre de persona Vidal, Daniel.
9 (RLIN) 114417
852 ## - LOCALIZACIÓN
Ubicación ES-MaACL
Número de control de estantería C-47035
Sublocalización o colección R.80491
Holdings
Estatus retirado Estado de pérdida Estado de daño No para préstamo Biblioteca de origen Biblioteca actual Ubicación en estantería Fecha de adquisición Fuente de adquisición Total de préstamos Signatura topográfica completa Código de barras Visto por última vez Precio de reemplazo Tipo de ítem Koha
        Biblioteca del Ateneo de Madrid Biblioteca del Ateneo de Madrid Depósito 2 17/01/2008     C-47035 1138130 23/02/2023 23/02/2023 Libro impreso